[Event "Candidates FIDE m5"]
[Site "Wijk aan Zee"]
[Date "1994.??.??"]
[Round "3"]
[White "Yudasin, Leonid"]
[Black "Kramnik, Vladimir"]
[Result "1/2-1/2"]
[WhiteElo "2625"]
[BlackElo "2710"]
[Annotator "Wolff,P"]
[PlyCount "123"]
[EventDate "1994.01.16"]
[EventType "match"]
[EventRounds "7"]
[EventCountry "NED"]
[SourceTitle "CBM 039"]
[Source "ChessBase"]
[SourceDate "1994.04.01"]
[SourceVersion "1"]
[SourceVersionDate "1994.04.01"]
[SourceQuality "1"]

1. e4 c5 2. Nf3 Nc6 3. d4 cxd4 4. Nxd4 Nf6 5. Nc3 e5 6. Ndb5 d6 7. Nd5 Nxd5 8.
exd5 Ne7 {Perhaps not best.} (8... Nb8 9. c4 Be7 10. Be2 a6 11. Nc3 O-O 12. O-O
f5 13. f4 Bf6 14. g3 Nd7 15. Qc2 exf4 16. gxf4 Bd4+ 17. Kh1 Nc5 18. Bf3 Bd7 19.
Rb1 b5 20. b4 Ne4 21. Nxe4 fxe4 22. Bxe4 bxc4 23. Qxc4 Qf6 24. Rd1 Rae8 25.
Qxd4 Rxe4 26. Qxe4 Bf5 27. Qd4 Bxb1 28. Qxf6 gxf6 29. a3 Be4+ 30. Kg1 Rc8 31.
Bb2 Kf7 {1/2-1/2 Yudasin,L-Kramnik,V Wijk aan Zee (7) 1994}) 9. c3 Nf5 10. a4
g6 $146 11. Bd3 (11. Be2 Bg7 12. O-O O-O 13. Qb3 Re8 14. Qb4 e4 15. Bf4 Be5 16.
Bxe5 Rxe5 17. Rad1 Nh4 18. Kh1 Qg5 19. Rg1 Bg4 20. Bxg4 Qxg4 21. Rde1 Qf4 22.
Qxd6 $4 (22. Nxd6 $1 a5 $1 $8 (22... Rh5 $2 23. Rxe4 Nf3 24. Re8+ $1 {Anand}
Rxe8 25. Qxf4 $18) 23. Qd4 (23. Qxb7 Rf8 24. Qc7 Nf3 25. gxf3 Qxf3+ 26. Rg2 Rg5
27. Reg1 Rxg2 28. Rxg2 Qd1+ $10) 23... Rh5 24. Rxe4 Qxd6 25. Rxh4 Rxh4 26. Qxh4
Qxd5 $10 {/\ 27...Qb3}) 22... Nf5 23. Qc7 e3 24. Rxe3 Qxe3 $1 $19 {Yudasin,
L-Kramnik,V Wijk aan Zee (1) 1994 /\:} 25. fxe3 Ng3+ 26. hxg3 Rh5#) 11... Bg7
12. O-O O-O 13. Qb3 Re8 14. Re1 $14 b6 $6 15. a5 $1 a6 (15... bxa5 16. Qa3 $16)
16. axb6 Rb8 17. Na3 Rxb6 18. Qa4 Ne7 19. Nc4 Rb5 20. Na5 Rb6 (20... Rxd5 21.
Bc4 Be6 {/\ 22...Rxa5} (21... Bd7 22. Qa3 Rc5 23. Be3 $16) (21... Rc5 22. Be3
Rc7 23. Bb6 $16) 22. Nb7 $1 (22. Bxd5 Bxd5 $44) 22... Qb8 23. Bxd5 Bxd5 24.
Nxd6 Bc6 25. Qb4 $16) 21. Qa2 Bf5 22. Bf1 Bc8 23. Bd2 Nf5 24. b4 Bh6 25. Bxh6
Nxh6 26. Qd2 $5 (26. c4 $1 $16 {I think that this is a more precise way to win
the game than the text, although the text should have won too. It is hard to
see what Black will do against the rolling queenside pawns, especially given
that:} Rxb4 $4 27. Qd2 $18) 26... Nf5 27. Nc4 Rb8 28. Ne3 {><a6} Nxe3 29. Qxe3
Qb6 30. Ra5 Qxe3 31. fxe3 $1 {/\Kf2-e2-d2} Re7 32. Rea1 (32. Kf2 Rc7 33. Rc1
Bb7 34. Ke1 Rbc8 35. Kd2 $18) 32... Rc7 33. R1a3 Bb7 34. Bxa6 Bxa6 35. Rxa6
Rbc8 36. Rxd6 Rxc3 37. Rxc3 Rxc3 38. Rc6 Rxe3 39. d6 $4 (39. Rc8+ $1 Kg7 40. b5
Kf6 41. Re8 $1 $18 {Black cannot stop both pawns, e.g.} Rb3 (41... Rd3 42. b6
Rxd5 43. b7) (41... e4 42. b6 Rb3 43. d6 e3 44. Kf1) 42. d6 Rxb5 43. d7) 39...
Kg7 40. b5 Kf6 41. d7+ Ke7 42. Rd6 Kd8 43. Rf6 Kxd7 44. Rxf7+ Ke6 45. Rxh7 Rb3
46. Rb7 Rb2 $14 47. b6 e4 48. Rb8 e3 49. Kf1 Kf6 50. h4 Kg7 51. g4 Kh7 52. Rb7+
Kg8 53. Ke1 Kh8 54. h5 gxh5 55. gxh5 e2 $1 56. h6 Kg8 57. Rg7+ Kh8 58. b7 Rb1+
59. Kxe2 Rb2+ 60. Kd3 Rb3+ 61. Kc4 Rb4+ 62. Kxb4 (62. Kd3 Rb3+ 63. Ke2 Rb2+ 64.
Kf3 Rb3+ 65. Kg4 Rb4+ 66. Kh5 Rb5+ 67. Kg6 Rb6+ 68. Kf5 Rb5+ 69. Ke6 Rb6+ 70.
Kd5 Rb5+ 71. Kd6 Rb6+ 72. Kc5 Rb5+ 73. Kc4 Rb4+ 74. Kc5 Rb5+ 75. Kc6 Rb6+ 76.
Kc7 Rxb7+ 77. Kxb7 $10) 1/2-1/2

[Event "Candidates FIDE m5"]
[Site "Wijk aan Zee"]
[Date "1994.??.??"]
[Round "4"]
[White "Kramnik, Vladimir"]
[Black "Yudasin, Leonid"]
[Result "1/2-1/2"]
[WhiteElo "2710"]
[BlackElo "2625"]
[Annotator "Wolff,P"]
[PlyCount "49"]
[EventDate "1994.01.16"]
[EventType "match"]
[EventRounds "7"]
[EventCountry "NED"]
[SourceTitle "CBM 039"]
[Source "ChessBase"]
[SourceDate "1994.04.01"]
[SourceVersion "1"]
[SourceVersionDate "1994.04.01"]
[SourceQuality "1"]

1. Nf3 {Ribli} Nf6 2. c4 g6 3. Nc3 d5 4. cxd5 Nxd5 5. Qa4+ Bd7 6. Qh4 Nxc3 7.
dxc3 (7. Qd4 f6 8. Qxc3 e5 $1 {This is the Big Novelty of this system, which
has revived interest in it as a way for Gruefeld players to meet the English
Opening.} 9. Nxe5 (9. e3 Nc6 $10 {Novik}) 9... fxe5 10. Qxe5+ Qe7 11. Qxh8 Nc6
$44 12. Qc3 (12. g3 O-O-O 13. Bg2 Nd4 14. O-O Bg7 15. Qxh7 Rh8 16. Qxg6 Bf5 $17
{Novik}) (12. e3 O-O-O 13. Be2 Bg7 14. Qxh7 Qf6 $1 $17 {Novik}) (12. b3 Nb4 $1
13. Kd1 (13. e3 Nc2+ 14. Kd1 Nxa1 15. Qxa1 O-O-O $44) 13... O-O-O 14. Ba3 (14.
Bb2 Bh6 15. Qe5 Bg4 $1 16. f4 Qd7 $17) 14... a5 $1 $44 {Novik}) 12... O-O-O 13.
e3 (13. g3 Bg7 14. Qe3 Qd6 15. Bg2 Nd4 16. O-O Re8 17. Qg5 Re5 $17 {Novik})
13... Bg7 14. Qc4 $2 (14. Qc2 $2 Nb4 15. Qb3 Bf5 16. d3 Qc5 $17) (14. Qb3 $1 $8
Nd4 15. Qd1 Bf5 $1 16. d3 Qb4+ 17. Bd2 Qxb2 18. exd4 Re8+ 19. Be2 Bxd3 20. Be3
(20. O-O Bxe2 21. Qc1 Qxd4 $17) 20... Bxe2 21. Qb1 (21. Qc1 Qb5 $1) 21... Qxb1+
22. Rxb1 Bc4 $44 {Novik}) 14... Nd4 $1 15. Be2 b5 $1 16. Qc3 Nxe2 17. Qa5 Nf4
18. O-O {Belov-Novik, Rostov na Donu open} Nxg2 $1 19. Qa6+ Kb8 20. Kxg2 Qg5+
21. Kh1 Bh3 22. Rg1 Qd5+ {Novik}) (7. Qd4 $5 $14 {Ribli}) 7... Nc6 8. e4 e5 9.
Bg5 (9. Qxd8+ Rxd8 10. Be3 f6 11. Bc4 Na5 $1 12. Be2 Be6 13. Nd2 b6 $10 14. b4
Nb7 15. f3 h5 16. a3 Bh6 17. Bxh6 {1/2-1/2, Kramnik,V-Yudasin,L Wijk aan Zee 
(2) 1994}) 9... Be7 10. Bc4 (10. Qh6 Bxg5 11. Nxg5 Qe7 $1 12. Bc4 (12. Qg7
O-O-O $1 13. h4 h6 14. Nxf7 Rdf8 15. Bc4 Be8 $19) 12... f6 $1 13. Nf3 (13. Bf7+
Kd8 14. Qg7 Rf8 $19) (13. Nf7 Rf8 14. Qxh7 Rxf7 $17) 13... O-O-O 14. Qe3 {
1/2-1/2, Korchnoi,V-Chiburdanidze,M Haninge 1988}) 10... h6 11. Bxe7 Qxe7 12.
O-O-O (12. Qxe7+ $5 $13 {Ribli Neverov,V-Krasenkov,M/Moscow op/1990/EXP19/})
12... Qxh4 13. Nxh4 Rd8 (13... Ke7 $2 {Ribli} 14. Bxf7 Bg4 15. f3 g5 16. Ng6+
Kxf7 17. Nxh8+ Rxh8 18. fxg4 $18) 14. Bd5 Ke7 15. Nf3 Kf6 $1 $146 16. Rd3 (16.
Rd2 $5 {Ribli}) 16... Be8 17. Rhd1 b6 18. b4 (18. Ne1 $5 {Ribli} Nb8 19. Nc2
Ke7 20. Ne3 $36) 18... Nb8 19. Kb2 Bb5 $10 20. R3d2 Ba4 21. Bb3 Rxd2+ 22. Nxd2
(22. Rxd2 $5 {Ribli}) 22... Bc6 23. f3 Rd8 24. a4 Ke7 25. Nc4 1/2-1/2

[Event "Candidates FIDE m5"]
[Site "Wijk aan Zee"]
[Date "1994.??.??"]
[Round "7"]
[White "Yudasin, Leonid"]
[Black "Kramnik, Vladimir"]
[Result "1/2-1/2"]
[WhiteElo "2625"]
[BlackElo "2710"]
[Annotator "Chekhov,V"]
[PlyCount "62"]
[EventDate "1994.01.16"]
[EventType "match"]
[EventRounds "7"]
[EventCountry "NED"]
[SourceTitle "CBM 039"]
[Source "ChessBase"]
[SourceDate "1994.04.01"]
[SourceVersion "1"]
[SourceVersionDate "1994.04.01"]
[SourceQuality "1"]

1. e4 c5 2. Nf3 Nc6 3. d4 cxd4 4. Nxd4 Nf6 5. Nc3 e5 6. Ndb5 d6 7. Nd5 Nxd5 8.
exd5 Nb8 9. c4 Be7 10. Be2 a6 11. Nc3 O-O 12. O-O f5 13. f4 Bf6 14. g3 $5 $146
(14. Qc2 Nd7 15. Kh1 (15. Qxf5 $6 exf4 16. Qe6+ Rf7 17. Qxd6 Be5 $1 18. Qa3 Qh4
19. Bf3 Bd4+ 20. Kh1 Rf6 21. h3 Ne5 $40) 15... g6 $6 (15... exf4 $1 16. Bxf4
Be5 $1 17. Bd3 g6 18. Rae1 b6 19. Ne2 Qf6 20. Qd2 Bxf4 21. Qxf4 Ne5 $36 {
Pablo,S-Andrianov,N/Moscow/1982/}) 16. g3 $1 Re8 17. Bd2 b6 18. Rae1 Bg7 19. b3
$14 {Tal,M-Cseshkovsky,V/Riga/1979/}) 14... Nd7 15. Qc2 exf4 16. gxf4 $1 Bd4+
$6 (16... Nc5 $5 17. Bf3 (17. Rb1 Ne4 $5 18. Nxe4 fxe4 19. Be3 Bh3 20. Rfe1 Qd7
$13) 17... Bd4+ 18. Kh1 Ne4 $5) 17. Kh1 Nc5 18. Bf3 Bd7 19. Rb1 b5 20. b4 (20.
cxb5 $6 axb5 21. b4 Na4) 20... Ne4 (20... Na4 $6 21. Nxa4 bxa4 22. c5 $16) 21.
Nxe4 fxe4 22. Bxe4 bxc4 23. Qxc4 $5 (23. Bxh7+ $6 Kh8 24. Be4 (24. Qd1 Qf6 25.
Qh5 Qh6 26. Qxh6 gxh6 $13) 24... Qf6 25. Bd2 c3 (25... Rae8 26. Rbe1 Bh3 27.
Bg2 Bxg2+ 28. Kxg2 Qh4 $36) 26. Be1 Rae8 27. Bf2 Bh3 $36) 23... Qf6 (23... Bb5
$6 24. Qxd4 Bxf1 25. Bb2 $18) 24. Rd1 Rae8 25. Qxd4 (25. Bxh7+ $6 Kxh7 26. Qxd4
Re1+ 27. Kg2 Qg6+ $19) (25. Rxd4 $6 Bb5 26. Qc3 Rxe4) (25. Bf3 Bb5 26. Qxd4 (
26. Qc2 Be3 $36) 26... Re1+ 27. Kg2 Qg6+ 28. Kf2 Rxd1 $19) 25... Rxe4 $1 26.
Qxe4 Bf5 27. Qd4 (27. Qg2 Bxb1 28. Bb2 Qg6 $44) 27... Bxb1 28. Qxf6 gxf6 29. a3
Be4+ 30. Kg1 Rc8 $10 31. Bb2 Kf7 1/2-1/2

[Event "Linares 12th"]
[Site "Linares"]
[Date "1994.??.??"]
[Round "5"]
[White "Bareev, Evgeny"]
[Black "Kramnik, Vladimir"]
[Result "1/2-1/2"]
[WhiteElo "2685"]
[BlackElo "2710"]
[Annotator "Chekhov,V"]
[PlyCount "96"]
[EventDate "1994.02.??"]
[EventType "tourn"]
[EventRounds "13"]
[EventCountry "ESP"]
[EventCategory "18"]
[SourceTitle "CBM 040"]
[Source "ChessBase"]
[SourceDate "1994.06.01"]
[SourceVersion "1"]
[SourceVersionDate "1994.06.01"]
[SourceQuality "1"]

1. d4 d5 2. c4 c6 3. Nc3 Nf6 4. e3 e6 5. Nf3 Nbd7 6. Bd3 dxc4 7. Bxc4 b5 8. Bd3
Bb7 9. a3 b4 10. Ne4 (10. axb4 Bxb4 11. O-O c5 12. Na2 O-O 13. Nxb4 cxb4 14. b3
Qb6 15. Bb2 Rfc8 $10 {Granda Zuniga,J-Akopian,V/Biel(izt)/1993/ Inf 58/483/})
10... Nxe4 11. Bxe4 Qc7 12. axb4 (12. O-O bxa3 13. bxa3 Bd6 14. Rb1 O-O 15. Qc2
h6 16. Bd2 Rab8 17. Bb4 c5 18. dxc5 Bxe4 19. Qxe4 Nxc5 20. Qg4 Nd3 21. Bxd6
Qxd6 22. Qa4 Qc5 $10 {Gelfand,B-Bareev,E/Linares/1993/ Inf 57/434/}) (12. Qc2
bxa3 13. bxa3 h6 14. Bd2 Bd6 15. Bb4 O-O 16. Bxd6 Qxd6 17. Nd2 Rab8 18. O-O c5
19. Bxb7 {Vyzmanavin,A-Morovic Fernandez,I/Leon/1993/ Inf 57/434/}) 12... Bxb4+
13. Bd2 Bxd2+ (13... c5 14. Bxb4 cxb4 15. Rc1 $14) 14. Nxd2 c5 15. Qc2 Qb6 16.
dxc5 (16. Bxb7 Qxb7 17. dxc5 Qxg2 18. Qe4 Qxe4 19. Nxe4 f5 $132 {Gelfand})
16... Qxc5 (16... Nxc5 $6 17. Bxb7 Nxb7 18. Qa4+ $40) 17. Qxc5 $5 $146 (17. Qa4
Rb8 $1 18. O-O O-O $1 19. Qxd7 Rfd8 20. Bxh7+ {Gelfand,B-Anand,V/Biel(izt)/
1993/1:0 (29) Inf 58/483/} Kf8 $1 21. Qa4 Rxd2 22. Be4 Bxe4 23. Qxe4 g6 $10 {
Gelfand/}) 17... Nxc5 18. Bxb7 Nxb7 19. Ke2 Nd6 20. Ra5 (20. Ra6 Nb5 21. Rc1
Ke7) 20... O-O (20... Ke7 21. Rc1 Rhc8 22. Rxc8 Nxc8 23. Nc4) 21. Rc1 (21. Rha1
Rab8 22. b3 Nb5) 21... Rab8 22. Rc6 $1 $16 Nb5 (22... Rfd8 $2 23. Rxa7 Rxb2 24.
Rxd6 $18) (22... Rb6 23. Rxb6 axb6 24. Ra6 Rb8 25. b4 $14) 23. Ne4 Rfd8 24. b4
Rb7 25. f4 (25. Nc5 Nc3+ $1 26. Kf3 Rxb4) 25... h6 26. g4 Kf8 27. h4 Ke7 28. f5
(28. g5 hxg5 29. hxg5 g6) 28... exf5 $8 29. gxf5 Kf8 (29... f6 30. Nc5 Rbb8 (
30... Nc3+ 31. Kf3 Rxb4 32. Rxa7+ $18)) 30. Kf3 Ke7 (30... Rd5 $2 31. Rc5 $1
Rxc5 32. Nxc5 $18) 31. h5 (31. f6+ $6 gxf6 32. Rxf6 Nc3 $1 33. Rxh6 Nxe4 34.
Kxe4 Rxb4+ $10) 31... Rdb8 32. Ra1 $6 (32. f6+ $5 gxf6 33. Nxf6 Rd8 34. Ne4 $16
) 32... Rb6 $1 33. Rc5 Rd8 34. Rac1 (34. Rg1 $5 Kf8 35. Rgc1) 34... Nd6 $1 35.
Re5+ Kf8 36. Rd5 (36. Rd1 Re8 $1) 36... Nb7 37. Rxd8+ Nxd8 38. Rc8 Ke8 39. Rc7
(39. Rc4 Nc6 40. Nd6+ Kd7 41. Nxf7 Rxb4 $132) 39... a6 40. Ra7 Rxb4 (40... Nc6
$4 41. Nd6+) 41. Rxa6 (41. Nd6+ Kf8 42. Rd7 Rb8) 41... f6 42. Ra8 Ke7 43. Nc3
Kd7 44. Nd5 Rb5 45. e4 Rb7 46. Nf4 (46. Kf4 $5) 46... Nf7 47. Ne6 Ng5+ 48. Nxg5
hxg5 $10 (48... hxg5 49. Rg8 Kd6) 1/2-1/2

[Event "Linares 12th"]
[Site "Linares"]
[Date "1994.??.??"]
[Round "6"]
[White "Kramnik, Vladimir"]
[Black "Illescas Cordoba, Miguel"]
[Result "1-0"]
[WhiteElo "2710"]
[BlackElo "2590"]
[Annotator "Glatman,V"]
[PlyCount "75"]
[EventDate "1994.02.??"]
[EventType "tourn"]
[EventRounds "13"]
[EventCountry "ESP"]
[EventCategory "18"]
[SourceTitle "CBM 040"]
[Source "ChessBase"]
[SourceDate "1994.06.01"]
[SourceVersion "1"]
[SourceVersionDate "1994.06.01"]
[SourceQuality "1"]

1. d4 {Ftacnik} e6 2. c4 d5 3. Nf3 c5 4. cxd5 exd5 5. Nc3 Nc6 6. g3 Nf6 7. Bg2
Be7 8. O-O O-O 9. Bg5 cxd4 10. Nxd4 h6 11. Be3 Re8 12. Rc1 Bf8 (12... Bg4 13.
h3 Be6 14. Qc2 $5 Qd7 15. Nxe6 fxe6 16. Rfd1 Rac8 17. f4 $14 {/\Bf2,e4/Marin,
M-Petursson,M/GRE/1987/1:0 (44)}) 13. Na4 $5 $146 (13. a3 Bg4 14. h3 Be6 15.
Nxc6 bxc6 16. Bd4 $1 Bd7 17. Qd3 Nh7 18. Be3 $1 $14 {Karpov,A-Illescas Cordoba,
M/Leon/1993/1:0 (36)}) (13. Nxc6 bxc6 14. Na4 Bd7 15. Bc5 Bxc5 16. Nxc5 Bg4 17.
Re1 Qa5 18. h3 Bf5 19. Qd4 Rab8 20. a3 $14 {Kasparov,G-Illescas Cordoba,M/
Linares(2)/1994/1:0 (43)/}) 13... Bd7 (13... Qa5 {Ftacnik} 14. a3 Ne5 15. Bd2
Qd8 16. Qb3 Nc4 17. Rfd1 Nxd2 18. Rxd2 Ne4 19. Rdd1 Qf6 20. Bf3 Ng5 21. Nc3
Nxf3+ 22. Nxf3 Be6 23. Qxb7 Rab8 24. Qxa7 Rxb2 25. Qe3 $13 {Robatsch,K-Huebner,
R/Mitropa Cup/1993/0-1 (56)}) (13... Ng4 {Ftacnik} 14. Nxc6 bxc6 15. Bd4 Bd7
16. Nc5 Bf5 17. Re1 Qg5 18. e4 dxe4 19. Nxe4 Bxe4 20. Rxe4 Rxe4 21. Bxe4 {
0,5/Robatsch,K-Anikaev,Y/Sochi/1974/}) 14. Nc5 Na5 $6 (14... Nxd4 15. Bxd4 Bc6
{/\Ne4/}) (14... Bxc5 {Ftacnik} 15. Nxc6 bxc6 16. Bxc5 $14) 15. b3 (15. Nxd7 {
Ftacnik} Qxd7 16. Bf4 $14) 15... Rc8 16. Nxd7 Qxd7 17. Qd3 $14 Nc6 (17... Ne4 {
Ftacnik} 18. Rxc8 Rxc8 19. Nb5 Nc5 20. Bxc5 Rxc5 21. Nxa7 $16) 18. Nxc6 (18.
Rfd1 $5) 18... bxc6 19. Rfd1 Qb7 (19... Bd6 {Ftacnik} 20. Rc2 $14) 20. Bc5 Bxc5
21. Rxc5 Qe7 (21... Ne4 22. Bxe4 Rxe4 23. Rdc1 $16) (21... Nd7 {Ftacnik} 22.
Rc2 Ne5 23. Qd4 $14) 22. Rc2 Qa3 $6 (22... Red8 $5 23. Qa6 Qd7 (23... c5 $2 24.
Bxd5) 24. e3 $16) 23. e3 (23. Rdc1 {Ftacnik} c5 24. Bxd5 Nxd5 25. Qxd5 Rxe2 $1)
23... Red8 24. Qf5 (24. Rdc1 {Ftacnik} c5) 24... Rb8 $2 (24... Qa6 $5) (24...
a5 {Ftacnik} 25. Bxd5 $1 Nxd5 26. Rxd5 $16) 25. Rxc6 Qxa2 26. Rxf6 $1 gxf6 (
26... Qxb3 27. Qg4 h5 28. Qxh5 gxf6 29. Bxd5 $18) 27. Bxd5 $18 Rxd5 (27... Kg7
{Ftacnik} 28. Qg4+ Kh7 29. Qh5 Qb2 30. Qxf7+ Kh8 31. Qg6 Rd7 32. Rd4 $18) 28.
Rxd5 Qxb3 29. Qg4+ Kh7 (29... Kf8 {Ftacnik} 30. Rd6 Qb1+ 31. Kg2 Qg6 32. Qd4
$16) 30. Rd6 Qb1+ (30... Rb6 31. Qf5+) 31. Kg2 Qg6 (31... Rb6 32. Rd7 (32. Qc4
$1 Qg6 33. Rd7 Kg7 34. Rxa7 $18) 32... Rb7 33. Rd8 Qg6 34. Qf3 Re7 35. Rd4 f5
36. Rf4 Re5 $13) 32. Qf3 (32. Qd4 {Ftacnik} Rb6 $16) 32... Kg7 (32... Rb6 {
Ftacnik} 33. Rd8 a5 34. Qa8 $18) 33. Ra6 Rb5 34. Rxa7 Rf5 35. Qe2 Qh5 (35...
Re5 $5) (35... Rc5 $16 {Ftacnik}) 36. g4 $1 Qg6 (36... Rg5 37. h3) 37. Rxf7+ $1
Kxf7 38. Qc4+ (38. Qc4+ Ke7 (38... Kf8 39. Qc8+ $18) (38... Kg7 39. Qc7+ Kg8
40. Qc8+ $18) 39. Qe4+ $18) 1-0

[Event "Linares 12th"]
[Site "Linares"]
[Date "1994.??.??"]
[Round "8"]
[White "Kramnik, Vladimir"]
[Black "Ivanchuk, Vassily"]
[Result "1/2-1/2"]
[WhiteElo "2710"]
[BlackElo "2710"]
[Annotator "Hertneck,G"]
[PlyCount "61"]
[EventDate "1994.02.??"]
[EventType "tourn"]
[EventRounds "13"]
[EventCountry "ESP"]
[EventCategory "18"]
[SourceTitle "CBM 040"]
[Source "ChessBase"]
[SourceDate "1994.06.01"]
[SourceVersion "1"]
[SourceVersionDate "1994.06.01"]
[SourceQuality "1"]

1. Nf3 d5 2. d4 Nf6 3. c4 c6 4. Nc3 dxc4 5. a4 Bf5 6. Ne5 e6 7. f3 Bb4 8. e4
Bxe4 9. fxe4 Nxe4 10. Bd2 Qxd4 11. Nxe4 Qxe4+ 12. Qe2 Bxd2+ 13. Kxd2 Qd5+ 14.
Kc2 Na6 15. Nxc4 O-O-O 16. Qe5 f6 17. Qe3 Kb8 18. Be2 e5 $5 {Rarely seen in
tournament practice.} (18... Qxg2 19. Rhg1 Qxh2 20. Rxg7 Nb4+ 21. Kb3 Nd5 22.
Qf3 Qf4 $13) 19. g3 $146 (19. Kb3 Nc5+ 20. Ka3 Ne6 $13 {Tukmakov,V-Solozhenkin,
E/Schwabisch Gmund/1991}) 19... Qe6 $1 {<-> d} 20. b3 Rd5 (20... Rd4 21. Rad1
Rhd8 22. Rxd4 Rxd4 23. Rd1 Nb4+ {/\ Nd5}) 21. Kb2 (21. Bf3 $6 Nb4+ 22. Kb2 Nd3+
$36) 21... Rhd8 22. Rad1 Nb4 23. Qc3 $1 {/\ Ne3} (23. Bf3 e4 $5) 23... Qe7 24.
Ne3 Rxd1 25. Rxd1 Rxd1 26. Bxd1 g6 $1 27. Qd2 Kc7 28. Nc2 a5 (28... Nd5) 29.
Ne3 Qc5 30. Nc4 b6 31. Kb1 1/2-1/2